Procedimiento para el estudio de patología del concreto

Guardat en:
Dades bibliogràfiques
Autor principal: Chaves Rojas, Gonzalo
Format: Llibre
Publicat: San José, C.R. 2001
Matèries:
Etiquetes: Afegir etiqueta
Sense etiquetes, Sigues el primer a etiquetar aquest registre!

MARC

LEADER 00000nam a2200000Ia 4500
003 008834
005 20221231144159.0
008 140114s2001 cr a m 000 ||s d
040 |c cru CEDI 
090 |a TFG 4394 
100 |a Chaves Rojas, Gonzalo  |9 7608 
245 |a Procedimiento para el estudio de patología del concreto 
260 |c 2001  |a  San José, C.R. 
300 |a x, 268 hojas : ilustraciones a color  
500 |a  Tesis (licenciatura en ingeniería civil)--Universidad de Costa Rica. Facultad de Ingeniería. Escuela de Ingeniería Civil 
650 |x ESTRUCTURAS DE HORMIGON ARMADO   |x TRANSPORTE - MANTENIMIENTO Y REPARACION  |x HORMIGON   |x ACERO  |9 7609 
942 |c TFG 
999 |c 18045  |d 18045